000 00489nam a2200169Ia 4500
999 _c19737
_d19737
003 OSt
005 20200625104149.0
008 190216s9999||||xx |||||||||||||| ||und||
020 _a0521244625
040 _coclc
082 _a954.0350924
_bJAL/S
100 _aJalal, Ayesha
_92363
245 4 _aThe Sole Spokesman /
_cAyesha Jalal
260 _bCambridge Uty Press,
_c1985.
_aLondon:
300 _a310p
942 _cBK
_2ddc
_h954.0350924
_iJAL/S
_k954.0350924
_mJAL/S